000 00343nam a2200145Ia 4500
008 210716s1991 xx 000 0 und d
020 _a895886707
041 _aeng
082 _a005.3001 SIMA
100 _aSimpson, Alan.
245 _aMastering wordperfect 5.1: for dos.
250 _a1
260 _aUSA
_bSybex
_c1991
300 _ali,965
999 _c180635
_d180635